000 00662nam a2200289Ia 4500
005 20260324141051.0
008 008 260324s9999 xx 000 0 eng d
020 _a9780429238079
037 _aEBOOK
040 _aCRL
040 _beng
040 _cCRL
041 _2eng
041 _aeng
084 _qCRL
100 _aErika Michael
_91206800
245 0 _aHans Holbein the Younger
245 2 _bA Guide to Research
260 _bTaylor and Francis
260 _c1997
365 _a
365 _b300
856 _uhttp://www.taylorfrancis.com/books/9780429238079
942 _cEBOOK
999 _c1809490
_d1809490